[Event "8. Ciudad los Ã�ngeles 2014"]
[Site "Madrid ESP"]
[Date "2014.05.18"]
[Round "8.9"]
[White "Crespo Villalba, Israel"]
[Black "Martin Garcia, Francisco Javie"]
[Result "1-0"]
[WhiteElo "1895"]
[BlackElo "1658"]
[PlyCount "43"]
[EventDate "2014.03.23"]
[EventType "swiss"]
[EventRounds "9"]
[EventCountry "ESP"]
[Source "lmi"]
[SourceDate "2014.03.23"]

1. e4 c5 2. Nf3 d6 3. d4 cxd4 4. Nxd4 Nf6 5. Nc3 a6 6. Be2 e5 7. Nb3 Be6 8. Be3
Nbd7 9. O-O Be7 10. a4 Rc8 11. f4 Qc7 12. Bf3 exf4 13. Bxf4 Ne5 14. Nd5 Bxd5
15. exd5 O-O 16. c3 Nxf3+ 17. Qxf3 Qb6+ 18. Nd4 Qc5 19. Kh1 Qxd5 20. Qxd5 Nxd5
21. Nf5 Rfd8 22. Rad1 1-0

[Event "8. Ciudad los Ã�ngeles 2014"]
[Site "Madrid ESP"]
[Date "2014.05.18"]
[Round "8.10"]
[White "Pena Marina, Jose Maria"]
[Black "Palomares Monreal, Francisco J"]
[Result "1/2-1/2"]
[WhiteElo "1848"]
[BlackElo "1651"]
[PlyCount "54"]
[EventDate "2014.03.23"]
[EventType "swiss"]
[EventRounds "9"]
[EventCountry "ESP"]
[Source "lmi"]
[SourceDate "2014.03.23"]

1. c4 Nf6 2. Nc3 g6 3. g3 Bg7 4. Bg2 O-O 5. Nf3 d6 6. d4 Nc6 7. O-O e5 8. d5
Ne7 9. e4 Bg4 10. h3 Bd7 11. Be3 Qc8 12. Kh2 Nh5 13. Nd2 f5 14. Bg5 Bf6 15.
Bxf6 Nxf6 16. f4 exf4 17. Rxf4 g5 18. Rf2 Ng6 19. exf5 Bxf5 20. Nde4 Nxe4 21.
Nxe4 Bxe4 22. Rxf8+ Qxf8 23. Bxe4 Qf2+ 24. Bg2 Ne5 25. Qh5 Qf6 26. Rf1 Qg6 27.
Qxg6+ Nxg6 1/2-1/2

[Event "8. Ciudad los Ã�ngeles 2014"]
[Site "Madrid ESP"]
[Date "2014.05.18"]
[Round "8.11"]
[White "Escanciano Reyero, Daniel"]
[Black "Yeves Miquel, Enrique"]
[Result "1-0"]
[WhiteElo "1575"]
[BlackElo "1742"]
[PlyCount "93"]
[EventDate "2014.03.23"]
[EventType "swiss"]
[EventRounds "9"]
[EventCountry "ESP"]
[Source "lmi"]
[SourceDate "2014.03.23"]

1. e4 c5 2. Nc3 a6 3. a4 b6 4. Bc4 e6 5. d3 Bb7 6. Qe2 Nf6 7. Nf3 d6 8. O-O Be7
9. e5 dxe5 10. Nxe5 Nd5 11. Ne4 Nc6 12. Nxc6 Bxc6 13. f4 O-O 14. Ng5 Qd7 15.
Re1 Bf6 16. Qh5 h6 17. Ne4 Bd4+ 18. Kh1 Nf6 19. Nxf6+ Bxf6 20. f5 exf5 21. Rf1
g6 22. Qxh6 Bg7 23. Qxg6 Bd5 24. Qxf5 Qxf5 25. Rxf5 Bxc4 26. dxc4 Rae8 27. Bf4
Re4 28. c3 Rxc4 29. h4 Bh6 30. Bxh6 Rxh4+ 31. Kg1 Rxh6 32. Raf1 f6 33. g4 Rg6
34. R1f4 Kg7 35. Kf2 Rh8 36. Kg3 Rd8 37. a5 Rd3+ 38. Rf3 Rd6 39. axb6 Rxb6 40.
Rxc5 Rxb2 41. Rc7+ Kh6 42. Rf1 Rg7 43. Rxf6+ Kh7 44. Rxg7+ Kxg7 45. Rxa6 Rc2
46. Rc6 Rc1 47. Kh4 1-0

[Event "8. Ciudad los Ã�ngeles 2014"]
[Site "Madrid ESP"]
[Date "2014.05.18"]
[Round "8.12"]
[White "Perez Bruni, Alfredo"]
[Black "Head Ladeveze, Jorge"]
[Result "1-0"]
[WhiteElo "1721"]
[BlackElo "1655"]
[PlyCount "94"]
[EventDate "2014.03.23"]
[EventType "swiss"]
[EventRounds "9"]
[EventCountry "ESP"]
[Source "lmi"]
[SourceDate "2014.03.23"]

1. e4 c5 2. Nf3 d6 3. c3 Nf6 4. h3 Nc6 5. Bd3 g6 6. O-O Bg7 7. Bc2 O-O 8. Re1
e5 9. d3 h6 10. Be3 Nh5 11. Qd2 Kh7 12. g4 Nf6 13. Nh2 Rh8 14. f4 exf4 15. Bxf4
Ne5 16. Bxe5 dxe5 17. Qf2 Qc7 18. Nd2 Be6 19. Bb3 Raf8 20. Qh4 Kg8 21. Bxe6
fxe6 22. Qg3 Ne8 23. Nhf3 b5 24. Nh4 Kh7 25. Rf1 Rf4 26. Ng2 Rff8 27. Rxf8 Rxf8
28. Nf3 Qd6 29. Rd1 Qb6 30. Kh1 Qc7 31. Rf1 Qd6 32. Rd1 Qc7 33. a3 a6 34. Nge1
Qf7 35. Rd2 Qf4 36. Kg2 Nd6 37. Rf2 c4 38. Nd2 Qxg3+ 39. Kxg3 cxd3 40. Rxf8
Bxf8 41. Nxd3 Nc4 42. Nxc4 bxc4 43. Nb4 a5 44. Nc6 a4 45. Na5 Kg7 46. Nxc4 Bc5
47. Kf3 Kf7 1-0

[Event "8. Ciudad los Ã�ngeles 2014"]
[Site "Madrid ESP"]
[Date "2014.05.18"]
[Round "8.13"]
[White "Andradas Encabo, Victor"]
[Black "Benitez Cadenas, Luis Miguel"]
[Result "1-0"]
[WhiteElo "1749"]
[BlackElo "1695"]
[PlyCount "33"]
[EventDate "2014.03.23"]
[EventType "swiss"]
[EventRounds "9"]
[EventCountry "ESP"]
[Source "lmi"]
[SourceDate "2014.03.23"]

1. e4 e6 2. d4 d5 3. Nc3 Nf6 4. Bg5 Be7 5. Bxf6 Bxf6 6. e5 Be7 7. Bd3 c5 8.
dxc5 Bxc5 9. Qg4 O-O 10. Nf3 f5 11. exf6 Qxf6 12. Qg3 Nc6 13. a3 Nd4 14. Nxd4
Bxd4 15. O-O-O Bxc3 16. bxc3 Qxc3 17. Bxh7+ 1-0

[Event "8. Ciudad los Ã�ngeles 2014"]
[Site "Madrid ESP"]
[Date "2014.05.18"]
[Round "8.15"]
[White "Fernandez Rodriguez, Fernando"]
[Black "Fernandez Moreno, Gerardo"]
[Result "1/2-1/2"]
[WhiteElo "1782"]
[BlackElo "1782"]
[PlyCount "93"]
[EventDate "2014.03.23"]
[EventType "swiss"]
[EventRounds "9"]
[EventCountry "ESP"]
[Source "lmi"]
[SourceDate "2014.03.23"]

1. d4 Nf6 2. c4 e6 3. Nc3 Bb4 4. e3 Ne4 5. Nge2 b6 6. a3 Nxc3 7. Nxc3 Bxc3+ 8.
bxc3 Bb7 9. f3 Qh4+ 10. g3 Qf6 11. Bg2 h5 12. O-O h4 13. e4 hxg3 14. hxg3 Nc6
15. Be3 O-O-O 16. Qd2 Qg6 17. Kf2 Na5 18. Qe2 Ba6 19. Qc2 Bxc4 20. Rfb1 d5 21.
Rh1 dxe4 22. Qxe4 Qxe4 23. fxe4 Nc6 24. g4 e5 25. Rxh8 Rxh8 26. Kg3 f6 27. g5
fxg5 28. d5 Ne7 29. Bxg5 Kd7 30. Bh3+ Kd6 31. a4 a5 32. Bc1 c6 33. dxc6 Kxc6
34. Ba3 Ng6 35. Rd1 Nf4 36. Rd6+ Kc7 37. Bg4 Rd8 38. Rxd8 Kxd8 39. Bd6 Ne2+ 40.
Bxe2 Bxe2 41. Bxe5 Bd1 42. Bxg7 Bxa4 43. Kf3 Kc7 44. Ke3 Kc6 45. Kd4 b5 46. Bf8
Bb3 47. Ba3 1/2-1/2

[Event "8. Ciudad los Ã�ngeles 2014"]
[Site "Madrid ESP"]
[Date "2014.05.18"]
[Round "8.16"]
[White "Melcon Diez, Enrique"]
[Black "Bellod Thomas, Gonzalo"]
[Result "0-1"]
[WhiteElo "1606"]
[BlackElo "1696"]
[PlyCount "62"]
[EventDate "2014.03.23"]
[EventType "swiss"]
[EventRounds "9"]
[EventCountry "ESP"]
[Source "lmi"]
[SourceDate "2014.03.23"]

1. c4 e5 2. Nc3 Nc6 3. Nf3 g6 4. d4 exd4 5. Nxd4 Bg7 6. Nxc6 bxc6 7. g3 Ne7 8.
Bg2 Ba6 9. Qa4 Qc8 10. Bg5 h6 11. Bxe7 Kxe7 12. O-O Rb8 13. Rab1 h5 14. Ne4 h4
15. Nc5 Rb6 16. Qa3 Ke8 17. Qe3+ Kf8 18. b3 Qe8 19. Rbd1 Bc8 20. Rd3 hxg3 21.
hxg3 Qxe3 22. Rxe3 Bd4 23. Nxd7+ Bxd7 24. Rd3 c5 25. e3 Bf5 26. Rd2 Bg7 27. Rd5
Bh3 28. Rd8+ Ke7 29. Rxh8 Bxg2 30. Rh7 Bxf1 31. Rxg7 Bd3 0-1

[Event "8. Ciudad los Ã�ngeles 2014"]
[Site "Madrid ESP"]
[Date "2014.05.18"]
[Round "8.17"]
[White "Sotres Menendez, Raul"]
[Black "Salgado Duarte, Pablo"]
[Result "1-0"]
[WhiteElo "1629"]
[BlackElo "1556"]
[PlyCount "93"]
[EventDate "2014.03.23"]
[EventType "swiss"]
[EventRounds "9"]
[EventCountry "ESP"]
[Source "lmi"]
[SourceDate "2014.03.23"]

1. d4 d5 2. c4 e6 3. Nf3 Nf6 4. Nc3 Nc6 5. Bg5 Be7 6. cxd5 Nxd5 7. Bxe7 Qxe7 8.
e4 Nf6 9. e5 Nd5 10. Bc4 Nb6 11. Bb3 O-O 12. O-O Rd8 13. Qd2 Qb4 14. Rad1 Na5
15. Bc2 Nac4 16. Qd3 g6 17. Rb1 Qe7 18. Ne4 Na5 19. Nf6+ Kg7 20. h4 Nd5 21. Ng4
Nc6 22. h5 Nf4 23. Qd2 Nxh5 24. Qh6+ Kh8 25. Rbd1 Qf8 26. Qg5 Bd7 27. Ne3 Nb4
28. g4 Nxc2 29. Nxc2 Ng7 30. Kg2 Bc6 31. Rh1 Ne8 32. Rh3 Ng7 33. Rdh1 h5 34.
Qf6 Kg8 35. Kg3 Bxf3 36. Kxf3 Qe8 37. Kf4 Kf8 38. gxh5 Qe7 39. hxg6 Qxf6+ 40.
exf6 e5+ 41. dxe5 Ne6+ 42. Kf5 fxg6+ 43. Kxe6 Re8+ 44. Kd5 Rad8+ 45. Ke4 Kf7
46. Rh7+ Ke6 47. Nd4+ 1-0

[Event "8. Ciudad los Ã�ngeles 2014"]
[Site "Madrid ESP"]
[Date "2014.05.18"]
[Round "8.19"]
[White "Pindado Del Carmen, Eliseo"]
[Black "Huerto Moreno, Jorge"]
[Result "1-0"]
[WhiteElo "1604"]
[BlackElo "1534"]
[PlyCount "149"]
[EventDate "2014.03.23"]
[EventType "swiss"]
[EventRounds "9"]
[EventCountry "ESP"]
[Source "lmi"]
[SourceDate "2014.03.23"]

1. d4 d5 2. Nf3 Nf6 3. Bf4 e6 4. e3 c5 5. c3 Nc6 6. Qc2 cxd4 7. exd4 Bd6 8. Ne5
O-O 9. Bd3 Qc7 10. Qe2 Bxe5 11. Bxe5 Nxe5 12. dxe5 Nd7 13. f4 Nc5 14. Bc2 b6
15. Qh5 g6 16. Qf3 Bb7 17. Qe3 Rad8 18. Qd4 Qe7 19. O-O Rc8 20. Nd2 Nd7 21. Bb3
Nb8 22. Qe3 Nc6 23. Nf3 f6 24. g3 fxe5 25. Nxe5 Nxe5 26. Qxe5 Qc5+ 27. Rf2 Rce8
28. Rd1 Rf5 29. Qd4 Qc6 30. Bc2 e5 31. fxe5 Rfxe5 32. Rdf1 Qc5 33. Rf7 Qxd4+
34. cxd4 R5e7 35. R7f2 Ba6 36. Rc1 Rc7 37. Rd1 Rec8 38. Rdd2 Kg7 39. Kg2 Bb7
40. Bb3 Rd8 41. Rf3 Bc8 42. Rc3 Rcd7 43. Rdc2 Bb7 44. Rc7 Kh6 45. Ba4 Rxc7 46.
Rxc7 Rb8 47. Bd1 a5 48. Bf3 Ba8 49. Bg4 Kg5 50. h3 h5 51. Bf3 Rd8 52. h4+ Kh6
53. g4 hxg4 54. Bxg4 Rf8 55. Rc8 Rxc8 56. Bxc8 Kh5 57. Kg3 Bc6 58. Bg4+ Kh6 59.
Kf4 Kg7 60. Ke5 Kf7 61. Be6+ Ke7 62. Bxd5 Bxd5 63. Kxd5 Kd7 64. a3 a4 65. Ke5
Ke7 66. d5 b5 67. d6+ Kd7 68. Kd5 Kd8 69. Kc6 Kc8 70. Kxb5 Kd7 71. Kc5 Kd8 72.
Kd5 Kd7 73. Ke5 Kd8 74. Kf6 Kd7 75. Kxg6 1-0

[Event "8. Ciudad los Ã�ngeles 2014"]
[Site "Madrid ESP"]
[Date "2014.05.18"]
[Round "8.20"]
[White "Cortijo Manso, Luis"]
[Black "Cano Nieto, Jose Luis"]
[Result "0-1"]
[WhiteElo "1561"]
[BlackElo "1597"]
[PlyCount "78"]
[EventDate "2014.03.23"]
[EventType "swiss"]
[EventRounds "9"]
[EventCountry "ESP"]
[Source "lmi"]
[SourceDate "2014.03.23"]

1. d4 d5 2. c4 dxc4 3. Nf3 e6 4. g3 Be7 5. Bg2 Nc6 6. Qa4 Nf6 7. Qxc4 O-O 8.
O-O Qd5 9. Qd3 Nb4 10. Qd1 Qd8 11. Nc3 Nbd5 12. Re1 Bb4 13. Qc2 Be7 14. a3 c6
15. e4 Nxc3 16. bxc3 h6 17. e5 Nh7 18. Bd2 Bg5 19. Bxg5 Nxg5 20. Nxg5 Qxg5 21.
h4 Qe7 22. a4 f5 23. exf6 Rxf6 24. a5 a6 25. Re2 Qc7 26. Re5 Bd7 27. Qb3 Raf8
28. Re2 Kh8 29. Qb6 Qxb6 30. axb6 Rf5 31. c4 g5 32. Bh3 Rf3 33. hxg5 hxg5 34.
Ra5 Rb3 35. c5 Rf6 36. Raa2 Rh6 37. Bxe6 Bxe6 38. Rab2 Rxb2 39. Rxb2 Bd5 0-1

[Event "8. Ciudad los Ã�ngeles 2014"]
[Site "Madrid ESP"]
[Date "2014.05.18"]
[Round "8.21"]
[White "Cabeza Hernandez, Guillermo"]
[Black "Savchuk, Olga"]
[Result "1-0"]
[WhiteElo "1543"]
[BlackElo "1579"]
[PlyCount "109"]
[EventDate "2014.03.23"]
[EventType "swiss"]
[EventRounds "9"]
[EventCountry "ESP"]
[Source "lmi"]
[SourceDate "2014.03.23"]

1. c4 e5 2. g3 Nf6 3. Bg2 d5 4. Nc3 c6 5. b3 Bc5 6. Rb1 a5 7. d3 Qb6 8. e3 Bb4
9. Bd2 Qd8 10. Qc2 Bf5 11. Qb2 Bxd3 12. Rd1 dxc4 13. bxc4 Bxc4 14. a3 Bd6 15.
Qxb7 Ra6 16. Ne4 Nxe4 17. Bxe4 O-O 18. Qb1 h6 19. Qc2 Bd5 20. Nf3 Qe7 21. O-O
Bxa3 22. Nh4 Qc5 23. Bh7+ Kh8 24. Qf5 g6 25. Bxg6 fxg6 26. Qxe5+ Kh7 27. Bc3
Qe7 28. Qd4 Nd7 29. Qd3 Qe4 30. Qxe4 Bxe4 31. Rxd7+ Kg8 32. Rg7+ Kh8 33. Ra7+
Kg8 34. Rxa6 Bb4 35. Bb2 Bd3 36. Ra7 Rf7 37. Ra8+ Rf8 38. Rxf8+ Kxf8 39. Rd1
Be4 40. f3 Bc2 41. Rc1 Bd3 42. Rxc6 g5 43. Ng6+ Kg8 44. Ne5 Bb1 45. Rxh6 a4 46.
Nc4 Bd3 47. Na3 Bc5 48. Kf2 Bf5 49. Rh5 Be7 50. h4 Bg6 51. Rh8+ Kf7 52. h5 Bf5
53. h6 Bg6 54. h7 Bf8 55. Rxf8+ 1-0

[Event "8. Ciudad los Ã�ngeles 2014"]
[Site "Madrid ESP"]
[Date "2014.05.18"]
[Round "8.24"]
[White "Garcia Chica, Eva Maria"]
[Black "Del Val Moreno, Jose A"]
[Result "0-1"]
[WhiteElo "1476"]
[BlackElo "1568"]
[PlyCount "65"]
[EventDate "2014.03.23"]
[EventType "swiss"]
[EventRounds "9"]
[EventCountry "ESP"]
[Source "lmi"]
[SourceDate "2014.03.23"]

1. d4 c5 2. Nf3 cxd4 3. Nxd4 Nc6 4. c3 g6 5. g3 Bg7 6. Bg2 Nf6 7. O-O O-O 8.
Bf4 Qb6 9. Nxc6 dxc6 10. Qc2 Bg4 11. Re1 Rfd8 12. Nd2 Nd5 13. Bxd5 cxd5 14. Qb3
Qc6 15. Nf3 Bxf3 16. exf3 e6 17. Rad1 Rac8 18. Be5 Bxe5 19. Rxe5 b6 20. Re3 Qc4
21. Qa3 Rc7 22. Rd4 Qc5 23. Qb3 Rdc8 24. Red3 Qe7 25. Qd1 Rc4 26. Rxc4 Rxc4 27.
Rd4 Qc5 28. Rxc4 Qxc4 29. a3 e5 30. b3 Qc5 31. Qd2 d4 32. b4 Qxc3 33. Qe1 0-1

[Event "8. Ciudad los Ã�ngeles 2014"]
[Site "Madrid ESP"]
[Date "2014.05.18"]
[Round "8.26"]
[White "Pablos Ceruelo, Oscar"]
[Black "Vazquez Cabeza, Isaac"]
[Result "1/2-1/2"]
[WhiteElo "1342"]
[BlackElo "1538"]
[PlyCount "95"]
[EventDate "2014.03.23"]
[EventType "swiss"]
[EventRounds "9"]
[EventCountry "ESP"]
[Source "lmi"]
[SourceDate "2014.03.23"]

1. e4 e6 2. d4 d5 3. e5 c5 4. c4 dxc4 5. Qa4+ Nc6 6. dxc5 Bxc5 7. Qxc4 Qd4 8.
f4 Nb4 9. Na3 Ne7 10. Qxd4 Bxd4 11. Nf3 Bb6 12. Bb5+ Bd7 13. Bxd7+ Kxd7 14. Ke2
Rac8 15. Bd2 Nc2 16. Rad1 Nd5 17. Nb5 Bc5 18. Nc3 Nd4+ 19. Nxd4 Bxd4 20. Nxd5
exd5 21. Bc3 Bxc3 22. Rxd5+ Ke6 23. Rd6+ Kf5 24. Kf3 h5 25. h3 f6 26. g4+ Kg6
27. f5+ Kh7 28. bxc3 Rxc3+ 29. Kf4 Rc4+ 30. Ke3 fxe5 31. Rd7 Rb4 32. gxh5 Rf8
33. Rg1 Rxf5 34. Rgxg7+ Kh6 35. Rh7+ Kg5 36. Rdg7+ Kh4 37. Rxb7 Rxb7 38. Rxb7
Rxh5 39. Rxa7 Kg5 40. Ke4 Kf6 41. Ra3 Ke6 42. Ra6+ Ke7 43. a4 Rxh3 44. Kxe5 Kd7
45. Kd5 Kc7 46. Kc5 Kb7 47. Ra5 Rh5+ 48. Kb4 1/2-1/2